| 000 | 00938nam a22003017a 4500 | ||
|---|---|---|---|
| 001 | 4999 | ||
| 003 | FISKH | ||
| 005 | 20250819160334.0 | ||
| 008 | 241031b cb ||||| |||| 00| 0 eng d | ||
| 020 | _a9780590444552 | ||
| 040 |
_aFISKH _beng _cFISKH _dFISKH |
||
| 050 | _aPZ7.E355 | ||
| 082 | _2813.54 | ||
| 100 |
_aClements, Andrew _d(1949–2019) |
||
| 245 |
_aBig ai / _cAndrew Clements |
||
| 250 | _aFirst printing in 1991 | ||
| 260 |
_aNew York : _bScholastic, _c1991. |
||
| 300 |
_a26 pages : _bcolor illustrations ; _c22 cm |
||
| 505 | _aR | ||
| 520 | _aA big, ugly fish has trouble making the friends he longs for because of his appearance--until the day his scary appearance saves them all from a fisherman's net. | ||
| 521 | 8 |
_a740
_bLexile |
|
| 521 | 8 |
_aR
_bRaz-Plus |
|
| 650 |
_2Friendship _aFriends |
||
| 650 |
_2Feelings _aOcean |
||
| 700 |
_aYoshi _dIllustrator |
||
| 942 |
_2ddc _cBK _n0 |
||
| 999 |
_c4999 _d4999 |
||